| 000 | 00408cam a2200169ua 4500 | ||
|---|---|---|---|
| 020 | _cRs 2.20 | ||
| 041 |
_ahin _h |
||
| 082 |
_a891.43 _bRAJ/SA |
||
| 100 | _aRajendra, Prasad . | ||
| 245 |
_aSahitya siksha aur sanksriti / _cRajendra Prasad. _hTextual Documents |
||
| 260 |
_a : _bRam Kaul Puram. |
||
| 300 | _a239 ; . | ||
| 365 | _aRs 2.20 | ||
| 504 | _a | ||
| 942 | _cBK | ||
| 999 |
_c2576 _d2576 |
||